Modeling, Simulation and Optimization of Complex Processes HPSC 2015 Proceedings of the Sixth International Conference on High Performance Scientific Computing, March 16-20, 2015, Hanoi, Vietnam /

This proceedings volume highlights a selection of papers presented at the Sixth International Conference on High Performance Scientific Computing, which took place in Hanoi, Vietnam on March 16-20, 2015. The conference was jointly organized by the Heidelberg Institute of Theoretical Studies (HITS),...

Full description

Bibliographic Details
Corporate Author: SpringerLink (Online service)
Other Authors: Bock, Hans Georg (Editor), Phu, Hoang Xuan (Editor), Rannacher, Rolf (Editor), Schlöder, Johannes P. (Editor)
Format: Electronic eBook
Language:English
Published: Cham : Springer International Publishing : Imprint: Springer, 2017.
Subjects:
Online Access:Full Text via HEAL-Link
LEADER 03212nam a22005655i 4500
001 978-3-319-67168-0
003 DE-He213
005 20171118021036.0
007 cr nn 008mamaa
008 171117s2017 gw | s |||| 0|eng d
020 |a 9783319671680  |9 978-3-319-67168-0 
024 7 |a 10.1007/978-3-319-67168-0  |2 doi 
040 |d GrThAP 
050 4 |a QA71-90 
072 7 |a PBKS  |2 bicssc 
072 7 |a MAT006000  |2 bisacsh 
082 0 4 |a 518  |2 23 
245 1 0 |a Modeling, Simulation and Optimization of Complex Processes HPSC 2015  |h [electronic resource] :  |b Proceedings of the Sixth International Conference on High Performance Scientific Computing, March 16-20, 2015, Hanoi, Vietnam /  |c edited by Hans Georg Bock, Hoang Xuan Phu, Rolf Rannacher, Johannes P. Schlöder. 
264 1 |a Cham :  |b Springer International Publishing :  |b Imprint: Springer,  |c 2017. 
300 |a IX, 279 p. 88 illus., 64 illus. in color.  |b online resource. 
336 |a text  |b txt  |2 rdacontent 
337 |a computer  |b c  |2 rdamedia 
338 |a online resource  |b cr  |2 rdacarrier 
347 |a text file  |b PDF  |2 rda 
520 |a This proceedings volume highlights a selection of papers presented at the Sixth International Conference on High Performance Scientific Computing, which took place in Hanoi, Vietnam on March 16-20, 2015. The conference was jointly organized by the Heidelberg Institute of Theoretical Studies (HITS), the Institute of Mathematics of the Vietnam Academy of Science and Technology (VAST), the Interdisciplinary Center for Scientific Computing (IWR) at Heidelberg University, and the Vietnam Institute for Advanced Study in Mathematics, Ministry of Education The contributions cover a broad, interdisciplinary spectrum of scientific computing and showcase recent advances in theory, methods, and practical applications. Subjects covered numerical simulation, methods for optimization and control, parallel computing, and software development, as well as the applications of scientific computing in physics, mechanics, biomechanics and robotics, material science, hydrology, biotechnology, medicine, transport, scheduling, and industry. 
650 0 |a Mathematics. 
650 0 |a Human physiology. 
650 0 |a Computer organization. 
650 0 |a Computer mathematics. 
650 0 |a Mechanical engineering. 
650 0 |a Control engineering. 
650 0 |a Robotics. 
650 0 |a Mechatronics. 
650 1 4 |a Mathematics. 
650 2 4 |a Computational Mathematics and Numerical Analysis. 
650 2 4 |a Numerical and Computational Physics, Simulation. 
650 2 4 |a Computer Systems Organization and Communication Networks. 
650 2 4 |a Mechanical Engineering. 
650 2 4 |a Control, Robotics, Mechatronics. 
650 2 4 |a Human Physiology. 
700 1 |a Bock, Hans Georg.  |e editor. 
700 1 |a Phu, Hoang Xuan.  |e editor. 
700 1 |a Rannacher, Rolf.  |e editor. 
700 1 |a Schlöder, Johannes P.  |e editor. 
710 2 |a SpringerLink (Online service) 
773 0 |t Springer eBooks 
776 0 8 |i Printed edition:  |z 9783319671673 
856 4 0 |u http://dx.doi.org/10.1007/978-3-319-67168-0  |z Full Text via HEAL-Link 
912 |a ZDB-2-SMA 
950 |a Mathematics and Statistics (Springer-11649)